| 000 | 01053cam a22002651i 4500 | ||
|---|---|---|---|
| 003 | SA-RiAUC | ||
| 005 | 20241125053856.0 | ||
| 008 | 241124q19001999ku g f000 0 ara c | ||
| 040 |
_aSA-JeALM _bara _cSA-RiAUC. _erda |
||
| 082 | 0 | 4 |
_a306.45 _qSA-RiAUC |
| 090 |
_a306.45 _bك ر م |
||
| 100 | 1 |
_aالكرمي، زهير محمود _eمؤلف. |
|
| 245 | 1 | 2 |
_aالعلم ومشكلات الإنسان المعاصر / _cزهير الكرمي. |
| 264 | 1 |
_aالكويت : _bالمجلس الوطني للثقافة والفنون والآداب، _c1978 |
|
| 300 |
_a298 صفحة ؛ _c21 سم. |
||
| 336 |
_aنص _btxt _2rdacontent _3كتاب |
||
| 337 |
_aبدون وسيط _bn _2rdamedia |
||
| 338 |
_aمجلد _bnc _2rdacarrier |
||
| 490 | 0 | _aعالم المعرفة / المجلس الوطني للثقافة والفنون والآداب (الكويت) | |
| 650 | 7 |
_aالعلم والمجتمع _2aucsh |
|
| 653 | _aتاريخ العلم | ||
| 942 |
_2ddc _cBOOK _n0 |
||
| 949 |
_aSA-JeALM _d241124 _umohamedma123 _n1 |
||
| 999 |
_c2737 _d2737 |
||